Statistics for NRL Grand Final Winners (1998-)

Click here to take the quiz!

General Stats

  • This quiz has been taken 276 times
    (224 since last reset)
  • The average score is 16 of 20

Answer Stats

HintAnswer% Correct
1998Brisbane Broncos
85%
2005Wests Tigers
84%
2000Brisbane Broncos
81%
2006Brisbane Broncos
80%
1999Melbourne Storm
80%
2007Melbourne Storm
80%
2001Newcastle Knights
80%
2009Melbourne Storm
79%
2017Melbourne Storm
79%
2015North Queensland Cowboys
79%
2004Canterbury Bankstown Bulldogs
78%
2016Cronulla-Sutherland Sharks
78%
2003Penrith Panthers
78%
2010St George Illawarra Dragons
78%
2008Manly-Warringah Sea Eagles
76%
2014South Sydney Rabbitohs
76%
2013Sydney Roosters
76%
2011Manly-Warringah Sea Eagles
75%
2012Melbourne Storm
74%
2002Sydney Roosters
74%

Score Distribution

Percentile by Number Answered

Percent of People with Each Score

Your Score History

You have not taken this quiz since the last reset